[Event "Asian Games tt (Women)"]
[Site "Hangzhou"]
[Date "2023.10.04"]
[Round "6.19"]
[White "Buhagiar, Melita Sunan"]
[Black "Altantuya, Boldbaatar"]
[Result "0-1"]
[WhiteElo "1619"]
[BlackElo "2126"]
[PlyCount "62"]
[EventDate "2023.09.29"]
[EventType "team-tourn"]
[EventRounds "9"]
[EventCountry "CHN"]
[SourceTitle "EXT 2024"]
[Source "ChessBase"]
[SourceDate "2023.10.10"]
[SourceVersion "1"]
[SourceVersionDate "2023.10.10"]
[SourceQuality "1"]
[WhiteTeam "Thailand (W)"]
[BlackTeam "Mongolia (W)"]
[WhiteTeamCountry "THA"]
[BlackTeamCountry "MGL"]

1. d4 e6 2. Nf3 Nf6 3. Bf4 d5 4. e3 Bd6 5. Bg3 c5 6. c3 0-0 7. Nbd2 b6 8. Bd3 Bb7 9. Ne5 Nc6 10. f4 Qc7 11. Qf3 Ne7 12. Bf2 Ne8 13. Qh3 g6 14. Bh4 Nf5 15. Bf2 f6 16. Nef3 Bc8 17. g4 Ne7 18. Qh6 Rf7 19. Rg1 Bd7 20. h3 Rc8 21. Rd1 cxd4 22. Nxd4 e5 23. fxe5 fxe5 24. Nb5 Bxb5 25. Bxb5 Ng7 26. e4 Rxf2 27. Kxf2 Qc5+ 28. Kg2 Qxb5 29. Nf3 Qe2+ 30. Kg3 dxe4 31. Ng5 Nef5+ 0-1

[Event "Asian Games tt (Women)"]
[Site "Hangzhou"]
[Date "2023.09.30"]
[Round "2.23"]
[White "Buhagiar, Melita Sunan"]
[Black "Kim, Sarang"]
[Result "1-0"]
[WhiteElo "1619"]
[BlackElo "1381"]
[PlyCount "51"]
[EventDate "2023.09.29"]
[EventType "team-tourn"]
[EventRounds "9"]
[EventCountry "CHN"]
[SourceTitle "EXT 2024"]
[Source "ChessBase"]
[SourceDate "2023.10.10"]
[SourceVersion "1"]
[SourceVersionDate "2023.10.10"]
[SourceQuality "1"]
[WhiteTeam "Thailand (W)"]
[BlackTeam "Korea (W)"]
[WhiteTeamCountry "THA"]
[BlackTeamCountry "KOR"]

1. d4 d5 2. Bf4 c5 3. e3 Nc6 4. Nf3 Bf5 5. dxc5 Bg4 6. Be2 Bxf3 7. Bxf3 e6 8. 0-0 Bxc5 9. c4 dxc4 10. Qa4 Rc8 11. Qxc4 Qe7 12. Nc3 Bb4 13. Rfd1 a5 14. Nb5 e5 15. Bg3 Nf6 16. a3 e4 17. axb4 Na7 18. Qf1 Nxb5 19. Qxb5+ Rc6 20. Be2 0-0 21. Rac1 axb4 22. Rxc6 bxc6 23. Qxc6 Ne8 24. Bc4 Qa7 25. h3 Nf6 26. Be5 1-0

[Event "Thailand Team op"]
[Site "Bangkok"]
[Date "2022.12.07"]
[Round "9.4"]
[White "Acedo, Rowelyn"]
[Black "Buhagiar, Melita Sunan"]
[Result "1/2-1/2"]
[WhiteElo "1782"]
[BlackElo "1515"]
[PlyCount "62"]
[EventDate "2022.12.03"]
[EventType "team-swiss"]
[EventRounds "9"]
[EventCountry "THA"]
[SourceTitle "CBM 211 Extra"]
[Source "ChessBase"]
[SourceDate "2023.01.31"]
[SourceVersion "1"]
[SourceVersionDate "2023.01.31"]
[SourceQuality "1"]
[WhiteTeam "JCA"]
[BlackTeam "Big Rook e4"]
[WhiteTeamCountry "THA"]
[BlackTeamCountry "THA"]

1. c4 e5 2. Nc3 Nc6 3. g3 f5 4. Bg2 Nf6 5. e3 d5 6. d4 e4 7. Nge2 Bb4 8. 0-0 0-0 9. Nxd5 Nxd5 10. cxd5 Qxd5 11. a3 Bd6 12. Nc3 Qf7 13. b4 Bd7 14. f3 exf3 15. Bxf3 Kh8 16. Bb2 Rab8 17. Qd3 Ne7 18. Rf2 c6 19. Raf1 Ng6 20. e4 Qe7 21. e5 Bc7 22. Ne2 Bb6 23. h4 f4 24. g4 Rbd8 25. Be4 Be8 26. Nxf4 Nxe5 27. Qe2 Bd7 28. g5 Rde8 29. Qh5 g6 30. Nxg6+ Nxg6 31. Bxg6 Rxf2 1/2-1/2

[Event "Thailand Team op"]
[Site "Bangkok"]
[Date "2022.12.06"]
[Round "7.4"]
[White "Inthasoi, Thip Aksorn"]
[Black "Buhagiar, Melita Sunan"]
[Result "0-1"]
[WhiteElo "1240"]
[BlackElo "1515"]
[PlyCount "92"]
[EventDate "2022.12.03"]
[EventType "team-swiss"]
[EventRounds "9"]
[EventCountry "THA"]
[SourceTitle "CBM 211 Extra"]
[Source "ChessBase"]
[SourceDate "2023.01.31"]
[SourceVersion "1"]
[SourceVersionDate "2023.01.31"]
[SourceQuality "1"]
[WhiteTeam "Chula Baka Bobo"]
[BlackTeam "Big Rook e4"]
[WhiteTeamCountry "THA"]
[BlackTeamCountry "THA"]

1. e4 c5 2. Nc3 d6 3. f4 Nc6 4. Nf3 Nf6 5. Bb5 Bd7 6. 0-0 a6 7. Bxc6 Bxc6 8. d3 g6 9. e5 dxe5 10. fxe5 Nd5 11. Ng5 Nxc3 12. bxc3 Bd5 13. c4 Be6 14. Qf3 Bf5 15. g4 Qd4+ 16. Be3 Qxg4+ 17. Qxg4 Bxg4 18. Nxf7 Rg8 19. Bxc5 h6 20. Rae1 Be6 21. Rf2 Bg7 22. Nd6+ exd6 23. exd6 Kd7 24. Rfe2 Rae8 25. Bb4 Bf6 26. c3 Bf5 27. Rxe8 Rxe8 28. Rxe8 Kxe8 29. d4 Be6 30. c5 Bxa2 31. Kf2 Kd7 32. Kf3 Be6 33. Kf4 Kc6 34. Ke3 Bc4 35. Ke4 h5 36. Kf4 h4 37. Ke4 Be6 38. Kd3 Bf5+ 39. Ke3 Kd5 40. Kf4 Kc4 41. Ke3 Kb5 42. Kd2 a5 43. Ba3 Kc4 44. Bb2 Kb3 45. Ba1 Ka2 46. d5 Bd7 0-1

[Event "Olympiad Women-44"]
[Site "Chennai"]
[Date "2022.08.05"]
[Round "7.4"]
[White "Buhagiar, Melita Sunan"]
[Black "Palacios, Celina Maria"]
[Result "0-1"]
[WhiteElo "1431"]
[BlackElo "1715"]
[PlyCount "66"]
[EventDate "2022.07.29"]
[EventType "team-swiss"]
[EventRounds "11"]
[EventCountry "IND"]
[SourceTitle "CBM 210"]
[Source "ChessBase"]
[SourceDate "2022.10.31"]
[SourceVersion "1"]
[SourceVersionDate "2022.10.31"]
[SourceQuality "1"]
[WhiteTeam "Thailand (W)"]
[BlackTeam "El Salvador (W)"]
[WhiteTeamCountry "THA"]
[BlackTeamCountry "ESA"]

1. d4 Nf6 2. Bf4 d6 3. Nc3 g6 4. e4 Bg7 5. Qd2 c6 6. f3 b5 7. Bh6 0-0 8. h4 e5 9. Bxg7 Kxg7 10. 0-0-0 Nbd7 11. Kb1 h5 12. Nce2 a5 13. Nc1 Qb6 14. Nh3 b4 15. Bc4 a4 16. Nf2 Ba6 17. Bxa6 Rxa6 18. g4 Rfa8 19. gxh5 Nxh5 20. dxe5 Nxe5 21. f4 Nf3 22. Qe2 Nd4 23. Qe3 c5 24. Rh3 Rb8 25. f5 Nb5 26. Ne2 b3 27. cxb3 axb3 28. Qxb3 c4 29. f6+ Nxf6 30. Qc2 Qxf2 31. Ka1 Qc5 32. Nc1 c3 33. bxc3 Na3 0-1

[Event "Olympiad Women-44"]
[Site "Chennai"]
[Date "2022.08.03"]
[Round "6.4"]
[White "Kiyan Mohamed, Usamath"]
[Black "Buhagiar, Melita Sunan"]
[Result "0-1"]
[WhiteElo "1100"]
[BlackElo "1431"]
[PlyCount "116"]
[EventDate "2022.07.29"]
[EventType "team-swiss"]
[EventRounds "11"]
[EventCountry "IND"]
[SourceTitle "CBM 210"]
[Source "ChessBase"]
[SourceDate "2022.10.31"]
[SourceVersion "1"]
[SourceVersionDate "2022.10.31"]
[SourceQuality "1"]
[WhiteTeam "Maldives (W)"]
[BlackTeam "Thailand (W)"]
[WhiteTeamCountry "MDV"]
[BlackTeamCountry "THA"]

1. e4 c5 2. Nf3 d6 3. d4 cxd4 4. Nxd4 Nf6 5. Nc3 a6 6. Be3 e6 7. f3 b5 8. a3 Bb7 9. Bd3 Be7 10. Qd2 Nbd7 11. 0-0 0-0 12. Qe2 Rc8 13. Bd2 Qc7 14. b4 Nb6 15. Rfc1 Nfd7 16. Qe3 Ne5 17. Nd1 Nec4 18. Bxc4 Nxc4 19. Qd3 Qb6 20. Kh1 Nxd2 21. Qxd2 Bf6 22. c3 d5 23. exd5 Bxd5 24. Ne2 Rfd8 25. Qe3 Qb7 26. Nf4 Bg5 27. Nf2 Qb8 28. N2h3 Bh6 29. Re1 f6 30. g3 e5 31. Rac1 exf4 32. gxf4 Qb7 33. Kg2 Rd7 34. Rc2 Rcd8 35. Ng1 Bc4 36. Kg3 Qd5 37. Qd4 Qxd4 38. cxd4 Rxd4 39. Re3 Bxf4+ 40. Kf2 Bxe3+ 41. Kxe3 f5 42. Nh3 h6 43. f4 Rd3+ 44. Kf2 Rxh3 45. Kg2 Rhd3 46. Kg1 Rd1+ 47. Kg2 R1d2+ 48. Rxd2 Rxd2+ 49. Kg3 g5 50. fxg5 hxg5 51. h3 Rd3+ 52. Kg2 Kf7 53. Kh2 Ke6 54. Kg2 Ke5 55. Kh2 Kf4 56. Kg2 Rd2+ 57. Kg1 Kg3 58. Kh1 Rd1# 0-1

[Event "Olympiad Women-44"]
[Site "Chennai"]
[Date "2022.08.02"]
[Round "5.4"]
[White "Buhagiar, Melita Sunan"]
[Black "Zhezhovska, Monika"]
[Result "1/2-1/2"]
[WhiteElo "1431"]
[BlackElo "1588"]
[PlyCount "136"]
[EventDate "2022.07.29"]
[EventType "team-swiss"]
[EventRounds "11"]
[EventCountry "IND"]
[SourceTitle "CBM 210"]
[Source "ChessBase"]
[SourceDate "2022.10.31"]
[SourceVersion "1"]
[SourceVersionDate "2022.10.31"]
[SourceQuality "1"]
[WhiteTeam "Thailand (W)"]
[BlackTeam "North Macedonia (W)"]
[WhiteTeamCountry "THA"]
[BlackTeamCountry "MKD"]

1. d4 d5 2. Bf4 Nf6 3. e3 e6 4. Nf3 c5 5. Nbd2 Nc6 6. c3 Bd6 7. Bg3 0-0 8. Bd3 a6 9. a4 h6 10. Rc1 Qc7 11. dxc5 Bxg3 12. hxg3 e5 13. Be2 Re8 14. 0-0 Bf5 15. b4 Rad8 16. Nb3 Be6 17. Qc2 d4 18. exd4 Bxb3 19. Qxb3 exd4 20. Bc4 Ne4 21. Rfe1 dxc3 22. Red1 a5 23. b5 Nxc5 24. Qxc3 Rxd1+ 25. Rxd1 Ne4 26. Qb3 Nd8 27. b6 Qc5 28. Nd4 Qe5 29. Qb5 Nc3 30. Qxe5 Rxe5 31. Nf3 Nxd1 32. Nxe5 Nc3 33. Bb3 Kf8 34. f3 Ke7 35. Kf2 f6 36. Ng6+ Kd6 37. Ke3 Nd5+ 38. Bxd5 Kxd5 39. Kd3 Kc5 40. Kc3 Kxb6 41. Kc4 Kc7 42. Nf4 Kd6 43. Kb5 Nc6 44. Nh5 g5 45. Nxf6 Kc7 46. Ng4 h5 47. Nf6 h4 48. Ne4 b6 49. Nxg5 hxg3 50. Ne6+ Kb7 51. f4 Ne7 52. Nd4 Kc7 53. f5 Nd5 54. Ne2 Ne3 55. Nxg3 Nxg2 56. f6 Nf4 57. Ne4 Ne6 58. Nc3 Nd4+ 59. Kc4 Ne6 60. Kd5 Kd7 61. Ke5 Nf8 62. Nd5 Kc6 63. f7 Ng6+ 64. Kf6 Nf8 65. Ne7+ Kd6 66. Nc8+ Kc7 67. Ne7 Kd6 68. Nc8+ Kc7 1/2-1/2

[Event "Olympiad Women-44"]
[Site "Chennai"]
[Date "2022.08.01"]
[Round "4.4"]
[White "Buhagiar, Melita Sunan"]
[Black "Wafa, Shahenda"]
[Result "0-1"]
[WhiteElo "1431"]
[BlackElo "2115"]
[PlyCount "90"]
[EventDate "2022.07.29"]
[EventType "team-swiss"]
[EventRounds "11"]
[EventCountry "IND"]
[SourceTitle "CBM 210"]
[Source "ChessBase"]
[SourceDate "2022.10.31"]
[SourceVersion "1"]
[SourceVersionDate "2022.10.31"]
[SourceQuality "1"]
[WhiteTeam "Thailand (W)"]
[BlackTeam "Egypt (W)"]
[WhiteTeamCountry "THA"]
[BlackTeamCountry "EGY"]

1. d4 Nf6 2. Bf4 g6 3. Nc3 d5 4. Nb5 Na6 5. e3 c6 6. Nc3 Nc7 7. Be2 Bg7 8. h4 h5 9. Nf3 Ng4 10. Qd2 Bf5 11. b4 0-0 12. 0-0 Re8 13. Ne5 Nxe5 14. Bxe5 f6 15. Bg3 e5 16. Na4 b6 17. Rac1 Ne6 18. Rfe1 a5 19. dxe5 fxe5 20. c4 d4 21. Rcd1 axb4 22. Qxb4 Bc2 23. Nxb6 Bxd1 24. Rxd1 Rxa2 25. Bf3 Ra6 26. Na4 Qb8 27. Qd2 Rxa4 28. Bxc6 Rxc4 29. Bxe8 Qxe8 30. Qe2 Rc6 31. exd4 exd4 32. Qe4 Kh7 33. f4 Nc7 34. Qf3 Qe3+ 35. Qxe3 dxe3 36. Re1 Bd4 37. Kf1 Rc2 38. Re2 Rc4 39. Be1 Rc1 40. g3 Bc3 41. Rxe3 Rxe1+ 42. Rxe1 Bxe1 43. Kxe1 Kg7 44. Kf2 Kf6 45. Kf3 Kf5 0-1

[Event "SEA Rapid (Women) Team 31st"]
[Site "Ha Long"]
[Date "2022.05.19"]
[Round "4.2"]
[White "San Diego, Marie Antoinette"]
[Black "Buhagiar, Melita Sunan"]
[Result "1-0"]
[WhiteElo "2075"]
[BlackElo "1433"]
[PlyCount "45"]
[EventDate "2022.05.18"]
[EventType "team (rapid)"]
[EventRounds "5"]
[EventCountry "VIE"]
[SourceTitle "CBM 208 Extra"]
[Source "ChessBase"]
[SourceDate "2022.07.31"]
[SourceVersion "1"]
[SourceVersionDate "2022.07.31"]
[SourceQuality "1"]
[WhiteTeam "Philippines"]
[BlackTeam "Thailand"]
[WhiteTeamCountry "PHI"]
[BlackTeamCountry "THA"]

1. d4 d5 2. Bf4 Nf6 3. e3 c5 4. c3 Nc6 5. Nd2 Bf5 6. Qb3 Qb6 7. dxc5 Qxb3 8. axb3 e5 9. Bg3 Bxc5 10. b4 Bd6 11. Ngf3 Nd7 12. Bb5 0-0 13. 0-0 a6 14. Ba4 f6 15. Bb3 Nb6 16. e4 Be6 17. Rfd1 Kh8 18. exd5 Nxd5 19. Ne4 Be7 20. Bxd5 Bxd5 21. Rxd5 f5 22. Nc5 b6 23. Nd7 1-0

[Event "SEA Rapid (Women) 31st"]
[Site "Ha Long"]
[Date "2022.05.16"]
[Round "5.5"]
[White "Buhagiar, Melita Sunan"]
[Black "Chuersakul, Sarocha"]
[Result "0-1"]
[WhiteElo "1433"]
[BlackElo "1641"]
[PlyCount "66"]
[EventDate "2022.05.16"]
[EventType "swiss (rapid)"]
[EventRounds "5"]
[EventCountry "VIE"]
[SourceTitle "CBM 208 Extra"]
[Source "ChessBase"]
[SourceDate "2022.07.31"]
[SourceVersion "1"]
[SourceVersionDate "2022.07.31"]
[SourceQuality "1"]

1. d4 Nf6 2. Bf4 d5 3. e3 c5 4. c3 Nc6 5. Nf3 Bf5 6. Nh4 Bg4 7. Be2 Bxe2 8. Qxe2 e6 9. Nf3 Bd6 10. Bg3 0-0 11. Nbd2 Re8 12. Ne5 Bxe5 13. dxe5 Nd7 14. Nf3 Qc7 15. 0-0 Ndxe5 16. Nxe5 Nxe5 17. Qh5 f6 18. Rfe1 Qf7 19. Qh3 Nd3 20. Re2 e5 21. e4 d4 22. Rd1 c4 23. cxd4 exd4 24. b3 b5 25. Rc2 Nb4 26. Rcd2 d3 27. Bd6 Nc6 28. bxc4 bxc4 29. Qf3 Rad8 30. Ba3 Nd4 31. Qe3 f5 32. Bc5 Rxe4 33. Qh3 Qe6 0-1

[Event "Bangkok Thailand op"]
[Site "Bangkok"]
[Date "2021.12.22"]
[Round "9"]
[White "Kaewwattha, Natrada"]
[Black "Buhagiar, Melita Sunan"]
[Result "1/2-1/2"]
[WhiteElo "1173"]
[BlackElo "1258"]
[PlyCount "97"]
[EventDate "2021.12.15"]
[EventType "swiss"]
[EventRounds "9"]
[EventCountry "THA"]
[SourceTitle "CBM 206 Extra"]
[Source "ChessBase"]
[SourceDate "2022.03.31"]
[SourceVersion "1"]
[SourceVersionDate "2022.03.31"]
[SourceQuality "1"]

1. e4 c5 2. c3 Nf6 3. e5 Nd5 4. d4 cxd4 5. cxd4 e6 6. Nf3 d6 7. Bd3 Nc6 8. 0-0 Qb6 9. Be4 Nde7 10. exd6 Nd5 11. Re1 Qb5 12. Bd3 Qb4 13. b3 Qxd6 14. Ba3 Qc7 15. Bxf8 Kxf8 16. Nbd2 g6 17. Nc4 Kg7 18. Qd2 Qf4 19. Qxf4 Nxf4 20. Be4 Ne7 21. Rac1 Nfd5 22. Nd6 Rd8 23. Nb5 Bd7 24. Nc7 Rac8 25. Nxd5 exd5 26. Bd3 Nc6 27. a3 Bg4 28. Ne5 Nxe5 29. dxe5 Rc6 30. Rxc6 bxc6 31. Rc1 Bd7 32. g3 Rb8 33. b4 Rb6 34. Rc5 Bc8 35. Ra5 a6 36. Kf1 Kf8 37. Ke2 Ke7 38. Ke3 Kd7 39. Kd4 Kc7 40. Kc5 Bb7 41. f4 h5 42. Kd4 Bc8 43. Kc5 Rb8 44. Bxa6 Be6 45. Bd3 Rb7 46. Be2 Kd7 47. Bd3 Kc7 48. Be2 Kd7 49. Bd3 1/2-1/2

[Event "Bangkok Thailand op"]
[Site "Bangkok"]
[Date "2021.12.16"]
[Round "2"]
[White "Noel, Nicolas1111"]
[Black "Buhagiar, Melita Sunan"]
[Result "1-0"]
[WhiteElo "1500"]
[BlackElo "1258"]
[PlyCount "57"]
[EventDate "2021.12.15"]
[EventType "swiss"]
[EventRounds "9"]
[EventCountry "THA"]
[SourceTitle "CBM 206 Extra"]
[Source "ChessBase"]
[SourceDate "2022.03.31"]
[SourceVersion "1"]
[SourceVersionDate "2022.03.31"]
[SourceQuality "1"]

1. e4 c5 2. d4 cxd4 3. c3 dxc3 4. Nxc3 Nc6 5. Nf3 d6 6. Bc4 e6 7. 0-0 a6 8. Qe2 Be7 9. Rd1 Qc7 10. Bf4 Nf6 11. Rac1 0-0 12. Bb3 Qb8 13. Na4 Na5 14. Nb6 Ra7 15. e5 Nd7 16. Rxc8 Rxc8 17. Nxd7 Qc7 18. Be3 b6 19. Nxb6 Rb8 20. Rc1 Qb7 21. Ba4 Rd8 22. b4 Qe4 23. bxa5 d5 24. Bc2 Qg4 25. Qd3 g6 26. Bd1 Qb4 27. Nc8 Rad7 28. Nxe7+ Rxe7 29. Bc5 1-0

[Event "THA-chT op"]
[Site "Bangkok"]
[Date "2020.12.12"]
[Round "6.4"]
[White "Buhagiar, Melita Sunan"]
[Black "Chuersakul, Sarocha"]
[Result "0-1"]
[WhiteElo "1236"]
[BlackElo "1699"]
[PlyCount "74"]
[EventDate "2020.12.10"]
[EventType "team-swiss"]
[EventRounds "9"]
[EventCountry "THA"]
[SourceTitle "CBM 199 Extra"]
[Source "ChessBase"]
[SourceDate "2021.01.31"]
[SourceVersion "1"]
[SourceVersionDate "2021.01.31"]
[SourceQuality "1"]
[WhiteTeam "Big Rook Team"]
[BlackTeam "Chiang Mai"]
[WhiteTeamCountry "THA"]
[BlackTeamCountry "THA"]

1. d4 Nf6 2. Nf3 e6 3. Bf4 d5 4. e3 Bd6 5. Bg3 c5 6. c3 Nc6 7. Bd3 Qe7 8. Ne5 Bxe5 9. dxe5 Nd7 10. f4 0-0 11. Qh5 f5 12. exf6 Nxf6 13. Qg5 h6 14. Qh4 e5 15. 0-0 e4 16. Be2 Bf5 17. h3 Ne8 18. Qh5 Qf7 19. Qh4 Qe7 20. Qh5 Kh7 21. Bg4 Nd6 22. Bxf5+ Nxf5 23. Bf2 d4 24. exd4 cxd4 25. cxd4 e3 26. Be1 g6 27. Qe2 Ncxd4 28. Qd3 Rad8 29. Qc4 e2 30. Rf2 Ne3 31. Rxe2 Nxe2+ 32. Qxe2 Qc5 33. Bf2 Qc1+ 34. Kh2 Nf1+ 35. Kg1 Ng3+ 36. Qe1 Rd1 37. Bxg3 Rxe1+ 0-1

[Event "THA-chT op"]
[Site "Bangkok"]
[Date "2020.12.12"]
[Round "5.4"]
[White "Pinphetsawan, Sirikwan"]
[Black "Buhagiar, Melita Sunan"]
[Result "1-0"]
[WhiteElo "1447"]
[BlackElo "1236"]
[PlyCount "63"]
[EventDate "2020.12.10"]
[EventType "team-swiss"]
[EventRounds "9"]
[EventCountry "THA"]
[SourceTitle "CBM 199 Extra"]
[Source "ChessBase"]
[SourceDate "2021.01.31"]
[SourceVersion "1"]
[SourceVersionDate "2021.01.31"]
[SourceQuality "1"]
[WhiteTeam "East Bangapi"]
[BlackTeam "Big Rook Team"]
[WhiteTeamCountry "THA"]
[BlackTeamCountry "THA"]

1. e4 c5 2. Nf3 d6 3. d4 cxd4 4. Nxd4 Nf6 5. Nc3 a6 6. f3 e6 7. Bc4 Be7 8. Be3 b5 9. Bd3 Bb7 10. a3 Nbd7 11. Nb3 Nc5 12. Nxc5 dxc5 13. 0-0 0-0 14. Qe1 Qc7 15. Qf2 Rac8 16. Rad1 c4 17. Be2 Bc5 18. Bxc5 Qxc5 19. Qxc5 Rxc5 20. Rd2 Rcc8 21. Rfd1 Rfe8 22. e5 Nd5 23. Nxd5 Bxd5 24. c3 Kf8 25. f4 Re7 26. Kf2 Rd8 27. Bf3 Red7 28. Bxd5 Rxd5 29. Rxd5 Rxd5 30. Rxd5 exd5 31. Ke3 Ke7 32. Kd4 1-0

[Event "THA-chT"]
[Site "Bangkok"]
[Date "2019.12.18"]
[Round "6.4"]
[White "Buhagiar, Melita Sunan"]
[Black "Cuizon, Richily Evans"]
[Result "0-1"]
[WhiteElo "1250"]
[BlackElo "1260"]
[PlyCount "78"]
[EventDate "2019.12.16"]
[EventType "team-swiss"]
[EventRounds "9"]
[EventCountry "THA"]
[SourceTitle "CBM 194 Extra"]
[Source "ChessBase"]
[SourceDate "2020.03.31"]
[SourceVersion "1"]
[SourceVersionDate "2020.03.31"]
[SourceQuality "1"]
[WhiteTeam "Big Rook Chess Academy"]
[BlackTeam "Red Knight CC"]
[WhiteTeamCountry "THA"]
[BlackTeamCountry "THA"]

1. d4 d5 2. c4 e6 3. Nf3 Nf6 4. Nc3 Be7 5. e3 0-0 6. Bd3 dxc4 7. Bxc4 a6 8. a4 Nbd7 9. 0-0 Nb6 10. Bd3 c5 11. b3 Qc7 12. Qc2 cxd4 13. Nxd4 Bd6 14. h3 Re8 15. Bb2 Bd7 16. Rac1 Rac8 17. Qe2 Qb8 18. Ne4 Be5 19. f4 Nxe4 20. Bxe4 Bd6 21. Rxc8 Rxc8 22. Rf3 e5 23. Nf5 Bxf5 24. Bxf5 Re8 25. fxe5 Bxe5 26. e4 g6 27. a5 Nd5 28. Bd7 Re7 29. Qc4 Bh2+ 30. Kh1 Rxd7 31. exd5 Re7 32. Qc3 Be5 33. Qe3 Bd6 34. Qd2 Qe8 35. Rf1 Re2 36. Qc1 Re3 37. Qd1 Qe4 38. Kg1 Bc5 39. Kh1 Rxh3# 0-1

[Event "THA-ch (Women)"]
[Site "Bangkok"]
[Date "2019.05.03"]
[Round "5.4"]
[White "Buhagiar, Melita Sunan"]
[Black "Dadoung, Chanthanipa"]
[Result "0-1"]
[WhiteElo "1366"]
[BlackElo "1280"]
[PlyCount "144"]
[EventDate "2019.05.01"]
[EventType "swiss"]
[EventRounds "9"]
[EventCountry "THA"]
[SourceTitle "CBM 190 Extra"]
[Source "ChessBase"]
[SourceDate "2019.07.15"]
[SourceVersion "1"]
[SourceVersionDate "2019.07.15"]
[SourceQuality "1"]

1. d4 d5 2. c4 e6 3. Nf3 Nf6 4. Nc3 Be7 5. Bf4 a6 6. e3 0-0 7. cxd5 exd5 8. Bd3 Nbd7 9. 0-0 b6 10. Qc2 Bb7 11. Rac1 c5 12. h3 h6 13. Rfd1 Re8 14. Ne5 Ne4 15. Nxe4 dxe4 16. Bxe4 Bxe4 17. Qxe4 Bf6 18. Qf3 cxd4 19. Nxd7 Qxd7 20. Bxh6 Qe7 21. Bf4 dxe3 22. Qxe3 Qb4 23. Qd2 Re4 24. Qxb4 Rxb4 25. Be3 Rxb2 26. Rd2 Rxd2 27. Bxd2 Rd8 28. Be3 Rd6 29. Rc8+ Kh7 30. a4 b5 31. axb5 axb5 32. Rc1 Rd5 33. Rb1 Bc3 34. Rb3 b4 35. Kh2 Ra5 36. Bc1 Ra2 37. f3 Rc2 38. Be3 Rb2 39. Rxb2 Bxb2 40. Kg3 b3 41. Kg4 Bf6 42. Bc1 b2 43. Bxb2 Bxb2 44. Kh5 g6+ 45. Kg5 f6+ 46. Kg4 Kh6 47. f4 f5+ 48. Kf3 Kh5 49. g3 Bd4 50. Kg2 Bc5 51. Kf3 Kh6 52. g4 Be7 53. Kg3 Bd8 54. Kf3 Bh4 55. Ke3 Kg7 56. Kf3 Kf6 57. Ke3 Ke6 58. Kf3 Kd5 59. Ke3 Kc4 60. g5 Kc3 61. Ke2 Kc4 62. Kf3 Kd3 63. Kg2 Ke3 64. Kf1 Kxf4 65. Kg2 Ke3 66. Kf1 f4 67. Kg2 f3+ 68. Kh1 f2 69. Kg2 Ke2 70. Kh2 Bxg5 71. Kh1 f1Q+ 72. Kh2 Bf4# 0-1

[Event "THA-ch (Women)"]
[Site "Bangkok"]
[Date "2019.05.01"]
[Round "2.1"]
[White "Buhagiar, Melita Sunan"]
[Black "Chuersakul, Sarocha"]
[Result "0-1"]
[WhiteElo "1366"]
[BlackElo "1602"]
[PlyCount "90"]
[EventDate "2019.05.01"]
[EventType "swiss"]
[EventRounds "9"]
[EventCountry "THA"]
[SourceTitle "CBM 190 Extra"]
[Source "ChessBase"]
[SourceDate "2019.07.15"]
[SourceVersion "1"]
[SourceVersionDate "2019.07.15"]
[SourceQuality "1"]

1. d4 Nf6 2. c4 e6 3. Nf3 d5 4. Nc3 Be7 5. Bf4 0-0 6. e3 Nbd7 7. cxd5 Nxd5 8. Nxd5 exd5 9. Bd3 Bb4+ 10. Nd2 c5 11. 0-0 cxd4 12. exd4 Qf6 13. Be3 Nb6 14. Nf3 h6 15. Ne5 Bd6 16. Re1 Be6 17. Qh5 Nc4 18. Ng4 Bxg4 19. Qxg4 Nxb2 20. Be2 Nc4 21. Bxc4 dxc4 22. Rec1 b5 23. a4 a6 24. Qh5 Qg6 25. Qd5 Rfd8 26. Qf3 Rab8 27. g3 Qe6 28. axb5 axb5 29. Rab1 Ba3 30. Rc2 b4 31. d5 Qa6 32. Bc5 b3 33. Rxc4 Qxc4 34. Bxa3 Qxd5 35. Qe3 Re8 36. Qc3 Rec8 37. Qb2 Qd3 38. h3 Qc2 39. Qxc2 bxc2 40. Rf1 Rb1 41. Rc1 Rxc1+ 42. Bxc1 Rd8 43. Kg2 Rd1 44. Be3 c1Q 45. Bxc1 Rxc1 0-1

[Event "Olympiad Women-43"]
[Site "Batumi"]
[Date "2018.10.05"]
[Round "11.4"]
[White "Buhagiar, Melita Sunan"]
[Black "Sherif, Amina"]
[Result "0-1"]
[WhiteElo "1378"]
[BlackElo "1946"]
[PlyCount "108"]
[EventDate "2018.09.24"]
[EventType "team-swiss"]
[EventRounds "11"]
[EventCountry "GEO"]
[SourceTitle "EXT 2020"]
[Source "ChessBase"]
[SourceDate "2019.10.17"]
[SourceVersion "1"]
[SourceVersionDate "2019.10.17"]
[SourceQuality "1"]
[WhiteTeam "Thailand (W)"]
[BlackTeam "Egypt (W)"]
[WhiteTeamCountry "THA"]
[BlackTeamCountry "EGY"]

1. d4 Nf6 2. c4 d6 3. Nf3 Nbd7 4. Nc3 e5 5. d5 Be7 6. e4 Nc5 7. Qc2 a5 8. Be3 b6 9. Be2 0-0 10. 0-0 g6 11. a3 Re8 12. h3 Nfxe4 13. Nxe4 Nxe4 14. Nh2 f5 15. b4 Bb7 16. g4 Bg5 17. Bd3 Bxe3 18. fxe3 Qg5 19. Rae1 Ng3 20. Rf3 Nh5 21. Rf2 Ng7 22. Kh1 e4 23. Bf1 axb4 24. axb4 Ra3 25. gxf5 Nxf5 26. Rg2 Qh4 27. Qf2 Qxf2 28. Rxf2 Nxe3 29. Rfe2 Nxf1 30. Nxf1 Rxh3+ 31. Kg2 Rc3 32. Rxe4 Rxe4 33. Rxe4 Rxc4 34. Rxc4 Bxd5+ 35. Kg1 Bxc4 36. Ne3 Be6 37. Kf2 c5 38. bxc5 dxc5 39. Ke2 Kg7 40. Kd2 Kf6 41. Kd3 Ke5 42. Nc4+ Bxc4+ 43. Kxc4 b5+ 44. Kxc5 h5 45. Kxb5 h4 46. Kc4 h3 47. Kd3 h2 48. Ke2 h1Q 49. Kd2 Qf3 50. Ke1 Qg2 51. Kd1 Qf2 52. Kc1 Kd4 53. Kb1 Kc3 54. Kc1 Qe1# 0-1

[Event "Olympiad Women-43"]
[Site "Batumi"]
[Date "2018.10.04"]
[Round "10.4"]
[White "Abrorova, Sabrina"]
[Black "Buhagiar, Melita Sunan"]
[Result "1-0"]
[WhiteElo "1685"]
[BlackElo "1378"]
[PlyCount "89"]
[EventDate "2018.09.24"]
[EventType "team-swiss"]
[EventRounds "11"]
[EventCountry "GEO"]
[SourceTitle "EXT 2020"]
[Source "ChessBase"]
[SourceDate "2019.10.17"]
[SourceVersion "1"]
[SourceVersionDate "2019.10.17"]
[SourceQuality "1"]
[WhiteTeam "Tajikistan (W)"]
[BlackTeam "Thailand (W)"]
[WhiteTeamCountry "TJK"]
[BlackTeamCountry "THA"]

1. d4 Nf6 2. Nf3 e6 3. c4 b6 4. a3 Bb7 5. Nc3 c5 6. d5 g6 7. g3 Bg7 8. Bg2 0-0 9. 0-0 exd5 10. cxd5 d6 11. e4 Re8 12. Re1 Nbd7 13. Bf4 Nf8 14. Nd2 Nh5 15. Be3 Rc8 16. Nc4 Ba6 17. Qa4 Bxc4 18. Qxc4 Nd7 19. f4 Qe7 20. a4 Nhf6 21. h3 Nh5 22. Kh2 Rf8 23. Bf2 Nhf6 24. Nb5 a6 25. Na7 Ra8 26. Nc6 Qe8 27. e5 dxe5 28. d6 e4 29. Bxe4 Kh8 30. Bg2 Qc8 31. Ne7 Qd8 32. Bxa8 Qxa8 33. Rad1 Re8 34. Qxf7 Rf8 35. Qc4 Re8 36. Re3 Ng8 37. Rde1 Nxe7 38. Rxe7 Rxe7 39. Rxe7 Nf6 40. Qf7 Qf8 41. d7 Nxd7 42. Rxd7 c4 43. Qxg7+ Qxg7 44. Rd8+ Qg8 45. Bd4# 1-0